000 00224nam a2200097Ia 4500
008 240331s9999 xx 000 0 und d
082 _bKAN
100 _aKannangara, N.D
245 0 _aJaffna and the Sinhala heritage
942 _cL
999 _c5582
_d5582